| 000 | 00550nam a22001937a 4500 | ||
|---|---|---|---|
| 003 | OSt | ||
| 005 | 20151125175149.0 | ||
| 008 | 151125b xxu||||| |||| 00| 0 eng d | ||
| 020 | _a9781564032 | ||
| 040 | _cDDC | ||
| 082 | _a370UcH 1995. | ||
| 100 |
_aPatrick, Uchendu; _96312 |
||
| 245 |
_aEducation and the Changing Economic _bRole of Nigerian Woman. |
||
| 260 |
_aNigeria. _bForth Dimension Publishing. _c1995. |
||
| 300 |
_axv,148p; _bill: _c21cm |
||
| 504 | _aincludes bibliography and index | ||
| 650 |
_aEducation. _91404 |
||
| 942 |
_2ddc _cSLOAN |
||
| 999 |
_c2692 _d2692 |
||